| 000 | 00879nam0a22002651 4500 | ||
|---|---|---|---|
| 001 | rc\4362718 | ||
| 005 | 20260406083913.0 | ||
| 021 |
_aRU _b[66-19006] |
||
| 035 | _a(NLR Aleph) 008283276 | ||
| 090 |
_a8530026 _c8530026 |
||
| 100 | _a20130416d1966 |||y0rusy50 ca | ||
| 101 | 0 | _arus | |
| 102 | _aRU | ||
| 105 | _aa z |||a| | ||
| 200 | 1 |
_aНаш лес _e[Стихи _eДля мл. возраста _eПереводы] _fХудож. П. Калинин |
|
| 210 |
_aМинск _cБеларусь _d1966 |
||
| 215 |
_a28 с. _cил. _d27 |
||
| 300 | _aПеред загл. авт.: Петро Глебка | ||
| 700 | 1 |
_7ca _8rus _aГлебка _bП. Ф. _f1905-1969 _gПётр Фёдорович _3RU\NLR\AUTH\770278592 _92650559 |
|
| 702 | 1 |
_aКалинин _bП. _4440 |
|
| 801 | 0 |
_aRU _bNLR _gpsbo |
|
| 801 | 1 |
_aRU _bELAR _2rusmarc |
|
| 852 |
_aNLR _j66-7/477 |
||
| 942 | _cBOOK | ||
| 980 | _aNB | ||